| 000 | 00805cam a2200277 4500 | ||
|---|---|---|---|
| 008 | 090401t1993 xxu||||| |||| 00| 0 eng d | ||
| 020 | _a0861703898 | ||
| 035 | _a(Sirsi) u91753 | ||
| 041 | _aeng | ||
| 050 | _a639.9 | ||
| 110 |
_aCountryside Commission _92820 |
||
| 245 | _aLandscape assessment guidance. | ||
| 260 |
_aCheltenham _bCountryside Commission _c1993 |
||
| 300 | _a45p. : ill. ; 30cm. | ||
| 350 | _a5 | ||
| 490 |
_aCountryside Commission Paper _v423 |
||
| 520 | _aAdvice from the Countryside Commission prepared by Cobham Resource Consultants. | ||
| 650 | _aCOBHAM RESOURCE CONSULTANTS | ||
| 650 | _aCONSERVATION | ||
| 650 | _aCOUNTRYSIDE MANAGEMENT | ||
| 650 | _aLANDSCAPE ASSESSMENT | ||
| 650 | _aPLANNING | ||
| 690 | _aCONSERVATION | ||
| 942 | _n0 | ||
| 948 | _c04/03/1997 | ||
| 999 |
_c97667 _d97667 |
||